Normal view
MARC view
- Bhutto, Benazir
Entry Personal Name
001 - CONTROL NUMBER
- control field: 4819
003 - CONTROL NUMBER IDENTIFIER
- control field: NUST
005 - DATE AND TIME OF LATEST TRANSACTION
- control field: 20170922111816.0
008 - FIXED-LENGTH DATA ELEMENTS
- fixed length control field: 170922|| aca||aabn | a|a d
040 ## - CATALOGING SOURCE
- Original cataloging agency: NUST
- Transcribing agency: NUST
100 ## - HEADING--PERSONAL NAME
- Personal name: Bhutto, Benazir
670 ## - SOURCE DATA FOUND
- Source citation: Work cat.: (NUST)0: Bhutto, Benazir, Mohtarma Benazir Bhutto prime minister of Pakistan;, 2008
